000 00778nam a2200253 i 4500
001 129821
003 ES-MaACL
005 20230906193602.0
007 t|
008 070709s1997 fr |||| | fre d
020 _a2-08-163820-7
080 _a725.95(443.61 P.)
080 _a624.21(443.61 P.)
100 1 _aKorb, Liliane.
_968588
245 1 3 _aLe Pont-Neuf á travers les siècles /
_cLiliane Korb , Laurence Lefèvre.
260 _a[Paris] :
_bFlammarion,
_c[1997]
300 _a189 p. :
_bil. ;
_c18 cm.
490 1 _aCastor Doc ;
_vD7
650 4 _aPuentes-
_zParís.
_916614
700 1 _aLefèvre, Laurence.
_971243
830 0 _aCastor Doc ;
_vD7
_9219385
852 _aES-MaACL
_jE-11841
_z. - Biblioteca Jacinto Martínez Lacalle
999 _c129821
_d129821